Peranan kebudayaan dalam perkembangan ilmu menurut perspektif barat dan Islam : kajian perbandingan pemikiran Edward Burnett Tylor dan Malik Bennabi /
Saved in:
| Main Author: | |
|---|---|
| Format: | Thesis Book |
| Language: | Malay |
| Subjects: | |
| Tags: |
Add Tag
No Tags, Be the first to tag this record!
|
| LEADER | 01586cam a2200337 a 4500 | ||
|---|---|---|---|
| 001 | u860185 | ||
| 003 | SIRSI | ||
| 005 | 201207101004 | ||
| 008 | 120710s2012 my a t 000 0 may m | ||
| 040 | |a UMA |d UMM |e rda | ||
| 090 | |a BP42 |b A2 UMP 2012 Khamy | ||
| 094 | |a BP42 |b A2 UMP 2012 Khamy | ||
| 100 | 0 | |a Khairiah Mohd Yassin |e author. | |
| 245 | 1 | 0 | |a Peranan kebudayaan dalam perkembangan ilmu menurut perspektif barat dan Islam : |b kajian perbandingan pemikiran Edward Burnett Tylor dan Malik Bennabi / |c Khairiah binti Mohd Yassin. |
| 264 | 1 | |c 2012. | |
| 264 | 4 | |c 2012. | |
| 300 | |a xx, 313 leaves ; |c 30 cm. | ||
| 336 | |a text |2 rdacontent | ||
| 337 | |a unmediated |2 rdamedia | ||
| 338 | |a volume |2 rdacarrier | ||
| 500 | |a Diselia oleh Prof Madya Dr Wan Suhaimi Wan Abdullah. | ||
| 502 | |a Thesis (Ph.D) -- Jabatan Akidah dan Pemikiran Islam, Akademi Pengajian Islam, Universiti Malaya, 2012. | ||
| 504 | |a Bibliography: leaves 298-313. | ||
| 600 | 1 | 0 | |a Tylor, Edward B. |q (Edward Burnett), |d 1832-1917 |x Views on civilization. |
| 600 | 1 | 0 | |a Bennabi, Malek, |d 1905-1973 |x Views on civilization. |
| 710 | 2 | |a Universiti Malaya. |b Jabatan Akidah dan Pemikiran Islam. | |
| 900 | |a JAR | ||
| 596 | |a 1 12 18 | ||
| 999 | |a BP42 A2 UMP 2012 KHAMY |w LC |c 1 |i A515124994 |d 11/12/2019 |e 11/12/2019 |f 23/7/2012 |g 1 |l RESERVES |m P12ISLAMKL |n 6 |r Y |s Y |t TESIS |u 23/7/2012 | ||
| 999 | |a BP42 A2 UMP 2012 KHAMY |w LC |c 1 |i A514681449 |l RESERVES |m P18ISLPURI |r Y |s Y |t TESIS |u 23/10/2012 | ||
| 999 | |a BP42 A2 UMP 2012 KHAMY |w LC |c 1 |i A515070593 |d 21/8/2017 |e 21/8/2017 |f 19/11/2012 |g 1 |l STACKS |m P01UTAMA |n 19 |r Y |s Y |t TESIS |u 14/11/2012 | ||
